Discapacidad visual : aporte interdisciplinario para el trabajo con la ceguera y la baja visión /
La obra reúne una selección de artículos que aparecieron en la revista Discapacidad Visual Hoy que es una publicación científica de la Asociación Argentina para el Estudio de la Recuperación del Ciego y del Ambliope (ASAERCA). Esta es una institución sin fines de lucro que propicia el estudio, mejor...
Shranjeno v:
| Glavni avtor: | |
|---|---|
| Drugi avtorji: | |
| Format: | Knjiga |
| Jezik: | španščina |
| Izdano: |
Buenos Aires, Argentina :
Novedades Educativas : Asociación Argentina para el Estudio de la Recuperación del Ciego y del Ambliope,
2006, c2006
|
| Serija: | ([Dis]capacidad)
|
| Teme: | |
| Oznake: |
Brez oznak, prvi označite!
|
MARC
| LEADER | 00000nam^a2200000^a^4500 | ||
|---|---|---|---|
| 001 | 000187914 | ||
| 005 | 20250521000000.0 | ||
| 009 | 20260310102317.768 | ||
| 020 | |a 987-538-121-7 | ||
| 037 | |a Acervo ITESO - Biblioteca | ||
| 041 | |a ESP | ||
| 082 | |a 617. 712 |b MON | ||
| 100 | |a Mon, Fabiana |e (comp.) | ||
| 245 | 1 | 0 | |a Discapacidad visual : |b aporte interdisciplinario para el trabajo con la ceguera y la baja visión / |c Comp. de F. Mon, N. Pastorino. |
| 264 | 4 | |a Buenos Aires, Argentina : |b Novedades Educativas : |b Asociación Argentina para el Estudio de la Recuperación del Ciego y del Ambliope, |c 2006, c2006 | |
| 300 | |a 187 p. | ||
| 336 | |a texto |b txt |2 rdacontenido | ||
| 337 | |a sin mediación |b n |2 rdamedio | ||
| 338 | |a volumen |b nc |2 rdasoporte | ||
| 440 | 1 | |a ([Dis]capacidad) | |
| 520 | |a La obra reúne una selección de artículos que aparecieron en la revista Discapacidad Visual Hoy que es una publicación científica de la Asociación Argentina para el Estudio de la Recuperación del Ciego y del Ambliope (ASAERCA). Esta es una institución sin fines de lucro que propicia el estudio, mejoramiento y divulgación de técnicas, recursos, métodos, procedimientos y sistemas de trabajo que permitan la mayor integración de las personas con discapacidad visual en su medio. | ||
| 649 | |a XX | ||
| 650 | |a Discapacitados | ||
| 650 | |a Ceguera | ||
| 650 | |a Ojo - |x Enfermedades y Defectos | ||
| 650 | |a Vista - |x Aspectos Sociales y Culturales | ||
| 650 | |a Estimulación Temprana | ||
| 650 | |a Problemas de Aprendizaje | ||
| 650 | |a Metodología Educativa | ||
| 650 | |a Oftalmología | ||
| 650 | |a Educación Especial | ||
| 700 | |a Pastorino, Norma |e (compilación) | ||
| 910 | |a Fondo General | ||
| 920 | |a Impresos - Libros | ||
| 930 | |a Colección General | ||
| 905 | |a 101 | ||
| 901 | |a 0500130136 |b IT1 |c ACC |u 20250521 | ||
| 902 | |a https://opac.biblio.iteso.mx/vufind/Record/000187914 | ||